Les routes nationales et autoroutes en Bourgogne-Franche-Comté - Statistiques

Statistiques générales
  • Ce quiz a été pris 24 fois
  • Le résultat moyen est 6 sur 11
Answers on the Grid
Answers color-coded by a green-red scale on the quiz's grid according to % correct below.
N7
A89
A79
A5
A35
N70
N66
N19
N104
A33
A31
A13
A36
N83
A330
A39
A38
N79
N73
N74
N151
 
Statistiques - réponses
Réponse % Correct
A39
95%
A36
77%
A31
68%
N79
64%
A38
55%
N7
55%
A79
50%
N19
36%
N70
36%
N151
32%
N83
27%
Aucun quiz correspondant
Distribution des résultats
% des personnes avec chaque résultat
Percentile par nombre de réponses
Votre historique - résultats
Vous n’avez pas pris ce quiz